| 000 | 00855nam a22002297a 4500 | ||
|---|---|---|---|
| 005 | 20180224104757.0 | ||
| 010 | _aBAC-EN21 ENG-111494 B-663932 | ||
| 020 |
_a9789382618348 _c395.00 |
||
| 035 | _aEN-95026 | ||
| 035 | _aB-663932 | ||
| 037 |
_adpl _bPansy Books/Ven |
||
| 037 | _aDBAD/PUB | ||
| 082 | _aS | ||
| 100 | _aAmish | ||
| 245 |
_aThe oath of the Vayuputras / _cby Amish |
||
| 260 |
_aNew Delhi _bWestland _c2013 |
||
| 270 |
_a93, First Floor, Sham Lal Road, Daryaganj _bNew Delhi _e110002 |
||
| 300 |
_axxi,575p. _c21cm(pbk) |
||
| 942 |
_2ddc _cEN _mAMI _hS |
||
| 999 |
_c89372 _d89372 |
||